000
00233nam a2200097Ia 4500
001
874610
005
20250826181319.0
008
250824s9999 xx 000 0 und d
245
0
_a
BUKRE
_c
KAHRAMAN TAZEOĞLU
260
_b
DESTEK YAYINLARI
999
_c
874610
_d
874610